Les saints et fêtes du jour selon le calendrier des postes ! 3e trim. - Statistiques

Statistiques générales
  • Ce quiz a été pris 10 fois
  • Le résultat moyen est 37 sur 92
Statistiques - réponses
Hint Réponse % Correct
JUILLET St + 1024 et + -500 H*nri & J**l 13 Henri & Joël
89%
JUILLET St + 565 S*ms*n 29 Samson
89%
JUILLET St + 560 B*n**t 11 Benoît
78%
AOUT St + 417 F*br*c* 22 Fabrice
78%
AOUT St + 235 HOPYPLITE 13 Hippolyte
78%
AOUT Ste + 1617 EROS 23 Rose
78%
JUILLET St + 533 Th**rr* 1 Thierry
78%
JUILLET St + 1er siècle MHATOS 3 Thomas
78%
AOUT St + 552 *rm*l 16 Armel
67%
AOUT St + 430 **g*st*n 28 Augustin
67%
SEPTEMBRE St + Ve siècle C*nst*nt 23 Constant
67%
JUILLET St + 1er siècle 10-1-3-17-21-5-19 25 Jacques
67%
AOUT St + 1270 L***s 25 Louis
67%
JUILLET Ste + 1er siècle AIMER-DELAIMNEE 22 Marie-Madeleine
67%
JUILLET Ste + 450 M*r*na 20 Marina
67%
AOUT Ste + 387 MOINQUE 27 Monique
67%
SEPTEMBRE St + 1386 R*l*nd 15 Roland
67%
AOUT St + 1153 BRANDER 20 Bernard
56%
JUILLET Ste + 1794 3-8-1-18-12-15-20-20-5 17 Charlotte
56%
AOUT Ste + 1253 **ai*e 11 Claire
56%
JUILLET France Réjouissances 14 Fête Nationale
56%
AOUT St + 670 6-9-1-3-18-5 30 Fiacre
56%
JUILLET St + IVe siècle 6-12-15-18-5-14-20 4 Florent
56%
AOUT Ste + 330 8-5-12-5-14-5 18 Hélène
56%
AOUT St + 1868 JINULE 2 Julien
56%
AOUT St + 215 12-1-21-18-5-14-20 10 Laurent
56%
JUILLET St + 250 13-1-18-20-9-14-9-5-14 2 Martinien
56%
AOUT Ste + 306 14-1-20-1-3-8-1 26 Natacha
56%
JUILLET Ste + 852 14-1-20-8-1-12-9-5 28 Nathalie
56%
AOUT St + VIIIe siècle ARUMO 9 Amour
44%
JUILLET Ste + 1er siècle A**e 26 Anne
44%
JUILLET St + 449 1-18-19-5-14-5 19 Arsène
44%
AOUT Vierge Dormition 15 Assomption
44%
JUILLET Ste + 300 TRICHINES 24 Christine
44%
AOUT St + 250 3-8-18-9-19-20-15-16-8-5 21 Christophe
44%
AOUT St + 958 5-22-18-1-18-4 14 Evrard
44%
JUILLET St + 828 DEFCRIER 18 Frédéric
44%
AOUT St + 1547 7-1-5-20-1-14 7 Gaétan
44%
JUILLET St + 1556 9-7-14-1-3-5 / 4-5 / 12-15-25-15-12-1 31 Ignace de Loyola
44%
SEPTEMBRE St + 1622 SINE 10 Inès
44%
JUILLET St + -10 MOCHIJA 27 Joachim
44%
AOUT Ste + 1er siècle 12-25-4-9-5 3 Lydie
44%
SEPTEMBRE St + 1er siècle 13-1-20-20-8-9-5-21 21 Matthieu
44%
JUILLET St + 1681 15-12-9-22-9-5-18 12 Olivier
44%
JUILLET St + 1247 20-8-9-2-1-21-20 8 Thibaut
44%
SEPTEMBRE St + 929 V*nc*sl*s 28 Venceslas
44%
AOUT St + 770 BALE 5 Abel
33%
SEPTEMBRE St + 670 *d*lphe 11 Adelphe
33%
SEPTEMBRE St + 690 AMIE 13 Aimé
33%
SEPTEMBRE St + 1478 1-12-1-9-14 9 Alain
33%
JUILLET St + 1539 *nt**n*-M*r** 5 Antoine-Marie
33%
SEPTEMBRE Sts + 304 MOCE & DEMAIN 26 Côme & Damien
33%
AOUT St + 1221 *o*i*i*ue 8 Dominique
33%
SEPTEMBRE St + 720 SIGLEL 1 Gilles
33%
SEPTEMBRE St + 604 REGORGEI 3 Grégoire
33%
SEPTEMBRE Ste + 1282 9-14-7-18-9-4 2 Ingrid
33%
AOUT Ste + 1641 J-F de Ch*nt*l 12 J-F de Chantal
33%
AOUT St + 1859 J-M V**nn** 4 J-M Vianney
33%
JUILLET Ste + 1245 N-D d* M*nt-C*rm*l 16 N-D du Mont-Carmel
33%
SEPTEMBRE Ste + 308 18-1-9-19-19-1 5 Raïssa
33%
JUILLET St + 1591 R***l 7 Raoul
33%
SEPTEMBRE Ste + 252 R**n* 7 Reine
33%
AOUT St + 917 BAINES 29 Sabine
33%
AOUT Transformation Devant Pierre, Jacques et Jea 6 Transfiguration
33%
JUILLET St + 303 22-9-3-20-15-18 21 Victor
33%
SEPTEMBRE St + 1660 22-9-14-3-5-14-20 / 4-5 /16-1-21-12 27 Vincent de Paul
33%
AOUT St + 1787 A***o**e 1 Alphonse
22%
SEPTEMBRE St + 1660 OPINAILLERA 12 Apollinaire
22%
AOUT St + 134 A*i**i*e 31 Aristide
22%
SEPTEMBRE St + 1230 BRADRENT 6 Bertrand
22%
JUILLET Ste + 1373 **i*i**e 23 Brigitte
22%
JUILLET St + 716 NONDAL 15 Donald
22%
SEPTEMBRE Ste + 984 5-4-9-20-8 16 Edith
22%
AOUT St + 1257 CYANITEHH 17 Hyacinthe
22%
AOUT St + 1680 J**n **d*s 19 Jean Eudes
22%
SEPTEMBRE St + 420 10-5-18-15-13-5 30 Jérôme
22%
SEPTEMBRE Archanges LICHEM & BIGLERA 29 Michel & Gabriel
22%
SEPTEMBRE Ste + IIe siècle 14-1-4-5-7-5 18 Nadège
22%
SEPTEMBRE Ste + 1170 R*s*l** 4 Rosalie
22%
SEPTEMBRE Ste + 1er siècle 20-8-5-3-12-5 24 Thècle
22%
AOUT St + 1er siècle BIFACER 24 Barthélémy
11%
SEPTEMBRE Hélène St Sépulcre 14 Croix glorieuse
11%
SEPTEMBRE St + 1852 E*i*ie 19 Emilie
11%
SEPTEMBRE St + 1054 MRHENAN 25 Hermann
11%
JUILLET Ste + 68 CHOMAIJ 30 Marthe
11%
SEPTEMBRE St + 287 CREMUAI 22 Maurice
11%
JUILLET Ste + 1900 MANDAINE 9 Amandine
0%
SEPTEMBRE St + 1537 AYDY 20 Davy
0%
JUILLET Ste + 1902 MATERAIT 6 Marietta
0%
SEPTEMBRE Vierge Naissance 8 Nativité de N-D | Nativité de Notre-Dame
0%
SEPTEMBRE St + 1104 ENDURA 17 Renaud
0%
JUILLET St + 973 CHUILR 10 Ulrich
0%
Aucun quiz correspondant
Distribution des résultats
% des personnes avec chaque résultat
Percentile par nombre de réponses
Votre historique - résultats
Vous n’avez pas pris ce quiz